Представление документа в формате MARC21

Поле Инд. ПП Название Значение
Тип записи a
Библиографический уровень b
001 Контрольный номер 5880c06b981f40839cfb423ac45b24f1
005 Дата корректировки 20210908160143.7
024 80 a Стандартный номер 10.3390/ijms21093281
040 a Служба первич. каталог. РИНЦ
041 0_ a Код языка текста Английский
097 a Ануфриева Г.Ю.
100 1_ a Автор Cataldi S.
100 1_ a Автор Ceccarini M. R.
100 1_ a Автор Nakashidze I.
100 1_ a Автор Belov O.
c Титул (звания) кандидат биологических наук; доцент (должность)
i 000091015
k Кафедра системного анализа и управления; Институт системного анализа и управления
q Полное имя Белов Олег Валерьевич
100 1_ q Полное имя Красавин Евгений Александрович
g Прочие сведения РИНЦ AuthorID: 97173 (https://elibrary.ru/author_profile.asp?id=97173), Scopus Author ID: 7004252367 (https://www.scopus.com/authid/detail.uri?authorId=7004252367)
a Автор Krasavin E.
u Дополнение Красавин Е. А.
c Титул (звания) профессор (ученое звание); доктор биологических наук; заведующий кафедрой
i 000091013
k Кафедра биофизики; Факультет естественных и инженерных наук
245 10 a Заглавие Acid and neutral sphingomyelinase behavior in radiation-induced liver pyroptosis and in the protective/preventive role of rmnsod
773 18 t Название источника International Journal of Molecular Sciences
b Сведения об издании Molecular Diversity Preservation International
c Швейцария
d Место и дата издания 2020
m Специф. данные входит в Scopus;входит в WoS;Входит в ядро РИНЦ;зарубежный журнал;ненулевой импакт-фактор
o Прочие индексы wos 4.32; scopus 3.90
x ISSN 1422-0067
g Прочая информация V. 21. - № 9. - P. 3281
q Q1
w Контрольный № источника f9683303115e448090ddd2dde91d1ee6
856 40 u URL https://www.elibrary.ru/item.asp?id=43304408
901 t Тип документа b
952 c Вид литературы статья в журнале